How to make books with children series. (Record no. 105949)
[ view plain ]
| 000 -LEADER | |
|---|---|
| fixed length control field | 00417nam a2200157 a 4500 |
| 005 - DATE AND TIME OF LATEST TRANSACTION | |
| control field | 20140412111419.0 |
| 008 - FIXED-LENGTH DATA ELEMENTS--GENERAL INFORMATION | |
| fixed length control field | 070906s19uu xx 00 eng d |
| 020 ## - INTERNATIONAL STANDARD BOOK NUMBER | |
| International Standard Book Number | 1-55799-579-6 |
| 050 ## - LIBRARY OF CONGRESS CALL NUMBER | |
| Classification number | TR(GS 028.1 |
| Item number | N79 1997 |
| 245 ## - TITLE STATEMENT | |
| Title | How to make books with children series. |
| 260 ## - PUBLICATION, DISTRIBUTION, ETC. (IMPRINT) | |
| Place of publication, distribution, etc | U.S.A : |
| Name of publisher, distributor, etc | Evan-Moor, |
| Date of publication, distribution, etc | 1997. |
| 300 ## - PHYSICAL DESCRIPTION | |
| Extent | 156 |
| 440 ## - SERIES STATEMENT/ADDED ENTRY--TITLE | |
| Title | Read a book- Make a book |
| 500 ## - GENERAL NOTE | |
| General note | Grades 1-6 |
| Withdrawn status | Lost status | Damaged status | Home library | Current library | Shelving location | Date acquired | Source of acquisition | Cost, normal purchase price | Total Checkouts | Full call number | Barcode | Date last seen | Price effective from | Koha item type |
|---|---|---|---|---|---|---|---|---|---|---|---|---|---|---|
| Elizalde Library | Elizalde Library | Teachers Reference Section | 09/06/2007 | 850.00 | TR(GS 028.1 N79 1997 | E11011 | 04/12/2014 | 04/12/2014 | Books |